[Event "Berlin-ch Seniors op 31st"]
[Site "Berlin"]
[Date "2015.02.03"]
[Round "5"]
[White "Hahlbohm, Matthias"]
[Black "Kleinert, Michael"]
[Result "1-0"]
[WhiteElo "1955"]
[BlackElo "1688"]
[PlyCount "65"]
[EventDate "2015.01.29"]
[EventType "swiss"]
[EventRounds "9"]
[EventCountry "GER"]
[SourceTitle "EXT 2018"]
[Source "ChessBase"]
[SourceDate "2017.10.13"]
[SourceVersion "1"]
[SourceVersionDate "2017.10.13"]
[SourceQuality "1"]

1. e4 d6 2. d4 Nf6 3. Nc3 c6 4. Nf3 Bg4 5. Bd3 e6 6. 0-0 Be7 7. Ne2 0-0 8. Ng3 Nh5 9. c3 Nxg3 10. fxg3 Nd7 11. h3 Bxf3 12. Qxf3 d5 13. exd5 cxd5 14. Bf4 f5 15. Rae1 Rf6 16. Rf2 h6 17. Rfe2 Nf8 18. Be5 Rf7 19. g4 f4 20. c4 Bh4 21. Rc1 Rc8 22. Rec2 Qa5 23. b3 g5 24. Qe2 Qd8 25. cxd5 Rxc2 26. Qxc2 exd5 27. Bf5 Qa5 28. Qe2 Bg3 29. Rc8 f3 30. gxf3 Bxe5 31. dxe5 Qb6+ 32. Kg2 Qd4 33. Be6 1-0